000 00375nam a2200145Ia 4500
008 240624s9999 xx 000 0 und d
041 _aeng
082 _a658.4038 NIC
100 _aNICKERSON ROBERT C
245 _aBUSINESS AND INFORMATION SYSTEMS
250 _a(2nd ed.)
260 _c2009
_aNew Delhi
_bPHI Learning
300 _axxv, : 494 : p. : cm. ; 25
365 _cRS
999 _c24198
_d24198